000 00672nam a2200253Ia 4500
003 OSt
005 20221006151059.0
006 a|||||r|||| 00| 0
007 ta
008 221006b |||||||| |||| 00| 0 jpn d
020 _c¥3500
024 _a20,871
037 _bGift, Japan Foundation
_cTextual
040 _aEASL
_cEASL
_bjpn
041 _2jpn
_ajpn
082 _aX:57.42.N81, M1
245 0 _aGaikoku kawase
_b Boeki shoroppo
260 _aTokyo
_bChuo Shuppan Kikaku Japan
_c1981
300 _a380p.
_ccm.
490 _v JL
650 _aJL
942 _hX:57.42.N81, M1
_cTEXL
_2CC
999 _c1088957
_d1088957